000 00496nam a2200193Ia 4500
003 GCL
008 140319s9999 xx 000 0 eng d
040 _aGCL /
_cGCL
082 0 4 _a973.9
_bM K
100 1 _aMAIDMENT, RICHARD
245 1 0 _aKEY DOCUMENTS /
_cMAIDMENT, RICHARD
700 1 _aDAWSON, MICHAEL
260 _a[S.N] :
_bHODDER AND STOUGHTON ،
_c1994
300 _a368 P
650 0 4 _aUNITED STATES
650 0 4 _aالبنوك-النقود
650 0 4 _aCULTURE
942 _2ddc
_cBK
999 _c23789
_d23789